000 00287nam a22001217a 4500
020 _a01344753x
082 _222
_a005.432
100 _aNA
245 _aPerformance tunning for Linux server /
260 _aUSA,
_bIBM,
_cc2005.
300 _axxiii, 547p. ;
_bill. ;
_c24 cm.
942 _2ddc
_cIT
999 _c2312
_d2312